| 000 | 00787nam a22002177a 4500 | ||
|---|---|---|---|
| 999 |
_c9382 _d9382 |
||
| 003 | AR-CdUCM | ||
| 008 | 190327b ||||| |||| 00| 0 spa d | ||
| 040 |
_aMUNICIPALIDAD PROVINCIAL DEL CUSCO _cBIBLIOTECA MUNICIPAL DEL CUSCO |
||
| 082 |
_a862.608 / _bG66 |
||
| 100 |
_aGonzález, Anselmo _925545 |
||
| 245 |
_aAntología de los clásicos de Todas las Épocas y de Todos los Países : _bEl Teatro Español / |
||
| 260 |
_aParís : _bSociedad de Editores Louis-Michaud. |
||
| 300 |
_a224 páginas ; _bFotografías b/n _c19cm |
||
| 440 |
_aEnciclopedia Literaria Ilustrada _925546 |
||
| 505 | _aContenido: Prosa -- Poesía | ||
| 650 |
_aProsa española _925547 |
||
| 650 |
_aPoesía española _9158 |
||
| 650 |
_aLiteratura española _9193 |
||
| 942 |
_2ddc _cLIBROS |
||
| 945 | _anom | ||